Catálogo
 En Linea

La última noche del Titanic / (Registro nro. 36264)

Detalles MARC
000 -CABECERA
campo de control de longitud fija 00681nam a2200205 a 4500
001 - NÚMERO DE CONTROL
campo de control 000036773
005 - FECHA Y HORA DE LA ÚLTIMA TRANSACCIÓN
campo de control 20200930075928.0
008 - DATOS DE LONGITUD FIJA--INFORMACIÓN GENERAL
campo de control de longitud fija 120131s1962 ag c 000 0 spa d
082 ## - NÚMERO DE LA CLASIFICACIÓN DECIMAL DEWEY
Número de clasificación xxx
Número de documento/Ítem L866u, 1962
040 ## - FUENTE DE LA CATALOGACIÓN
Centro catalogador/agencia de origen DO-SdBNP
100 1# - ENTRADA PRINCIPAL--NOMBRE DE PERSONA
Nombre de persona Lord, Walter,
Fechas asociadas al nombre 1917-
9 (RLIN) 63102
240 10 - TÍTULO UNIFORME
Título uniforme A night to remember.
Lenguaje de la obra Español
245 13 - MENCIÓN DE TÍTULO
Título La última noche del Titanic /
Mención de responsabilidad, etc. Walter lord ; traducción de Rosa S. de Naveira.
250 ## - MENCIÓN DE EDICIÓN
Mención de edición 3a ed.
260 ## - PUBLICACIÓN, DISTRIBUCIÓN, ETC.
Lugar de publicación, distribución, etc. Buenos Aires :
Nombre del editor, distribuidor, etc. Ediciones Selectas,
Fecha de publicación, distribución, etc. 1962.
300 ## - DESCRIPCIÓN FÍSICA
Extensión 217 p. :
Otras características físicas retrs. ;
Dimensiones 20 cm.
500 ## - NOTA GENERAL
Nota general Incluye lista de pasajeros.
534 ## - NOTA SOBRE LA VERSIÓN ORIGINAL
Encabezamiento principal del original traducido del inglés A night to remember
700 1# - PUNTO DE ACCESO ADICIONAL--NOMBRE DE PERSONA
Nombre de persona Naveira, Rosa S. de,
Término indicativo de función/relación tr.
9 (RLIN) 63103
Existencias
Estado de retiro Estado de pérdida Restricciones de uso No para préstamo Código de colección Localización permanente Ubicación/localización actual Ubicación en estantería Fecha de adquisición Número de inventario Total de préstamos Signatura topográfica completa Código de barras Fecha visto por última vez Precio válido a partir de Tipo de ítem Koha
        Monografías: Libros y Folletos General General En catalogación 31.01.2012 LF1   xxx L866u, 1962 36773-10 25.06.2020 25.06.2020 Préstamo en sala

Con tecnología Koha